1620 1747 1160 1364 1694 1385 1790 1879 1763 1057 1043 1043 1308 1698 1184 1050 1338 1333 1152 1905 1944 1669 1304 1777 1707 1101 1042 1826 1084 1054 1056 1072 1902 1893 1102 1900 1087 1780 1115 1458 1389 1572 1703 1783 1921 1056 1941 1371 1535 1896 1061 1683 1363 1539 1018 1300 1556 1840 1270 1046 1458 1167 1231 1242 1802 1403 1933 1011 1549 1775 1547 1976 1948 1361 1437 1408 1510 1294 1112 1508 1674 1778 1998 1903 1339 1113 1752 1989 1904 1917 1758 1235 1900 1010 1066 1927 1430 1347 1492 BCNSPRNW ULIB Ver.6.0+V

เปลี่ยนเป็นภาษาไทย

Change to English
 แสดงรายละเอียดบรรณานุกรม
  กลับหน้าหลัก

Brief Record : Get Marc (ISO 2709) : E-mail record : QR code < ปิดหน้าต่าง
LEADER : 00000nam 2200000uu 4500
001    13399112676
003     ULIB
008    110901s2550||||th 000 0 tha d
020    9741331487
020    9789741331482
050  4 LB1051^bส858จ 2550
100 0  สุรางค์ โค้วตระกูล
245 10 จิตวิทยาการศึกษา /^cสุรางค์ โค้วตระกูล
250    พิมพ์ครั้งที่ 7
260    กรุงเทพฯ :^bสำนักพิมพ์แห่งจุฬาลงกรณ์มหาวิทยาลัย,^c2550
300    490 หน้า :^bภาพประกอบ ;^c26 ซม.
650  4 จิตวิทยาการศึกษา
945    ^p275^l0^i019799
945    ^p275^l0^i023752
945    ^p275^l0^i023753
995    ทศพร
999 ^a ทศพร
รายการนี้ยังไม่มีแท็ก
คุณยังไม่ได้ล็อกอิน คุณสามารถมีกิจกรรมร่วมกับเว็บไซต์ได้ แต่ต้องล็อกอินก่อน ::
  ล็อกอิน

รายการสื่อสารสนเทศ

ลำดับที่ ประเภท เลขเรียก/บาร์โค้ด สถานที่ สถานะ
- ไม่พบข้อมูล -

รายการใกล้เคียง
    ผู้แต่ง [สุรางค์ โค้วตระกูล]

    หัวเรื่อง [จิตวิทยาการศึกษา]

BibComment


ยังไม่เคยถูกคอมเมนท์

คอมเมนท์ทรัพยากรรายการนี้
  คอมเมนท์: จิตวิทยาการศึกษา ..


 Copyright 2026. Bcnsprnw @Library